000 00351cam a2200145ua 4500
041 _aeng
_h
082 _a828.09
_bBEW/CO
100 _aBewley, Marius .
245 _aComplex fate /
_cMarius Bewley.
_hTextual Documents
260 _aLondon :
_bChatto and Windus ,
_c1952.
300 _a245 ; .
504 _a
942 _cBK
999 _c12838
_d12838